Electrical rotating machine testing (Record no. 545441)

000 -LEADER
fixed length control field 00416nam a2200145 4500
020 ## - INTERNATIONAL STANDARD BOOK NUMBER
International Standard Book Number 059202525X
082 00 - DEWEY DECIMAL CLASSIFICATION NUMBER
Classification number 621.313
100 1# - MAIN ENTRY--PERSONAL NAME
Personal name Bourne, Roy,
9 (RLIN) 41294
245 10 - TITLE STATEMENT
Title Electrical rotating machine testing
Statement of responsibility, etc. [by] R. Bourne.
260 ## - PUBLICATION, DISTRIBUTION, ETC.
Place of publication, distribution, etc. London,
Name of publisher, distributor, etc. Iliffe,
Date of publication, distribution, etc. 1969.
300 ## - PHYSICAL DESCRIPTION
Extent 7, 159 p.
Other physical details illus.
Dimensions 23 cm.
526 ## - STUDY PROGRAM INFORMATION NOTE
Program name 0
Interest level 0
Reading level 0
Title point value 621_313000000000000
650 #0 - SUBJECT ADDED ENTRY--TOPICAL TERM
Topical term or geographic name entry element Electric machinery
General subdivision Testing.
9 (RLIN) 41295
942 ## - ADDED ENTRY ELEMENTS (KOHA)
Source of classification or shelving scheme
Koha item type Book
Holdings
Withdrawn status Lost status Source of classification or shelving scheme Damaged status Not for loan Permanent Location Current Location Date acquired Total Checkouts Full call number Barcode Date last seen Price effective from Koha item type
          Military College of Engineering (MCE) Military College of Engineering (MCE) 05/22/2014   621.313 MCE-5108 05/22/2014 05/22/2014 Book
© 2023 Central Library, National University of Sciences and Technology. All Rights Reserved.